Recent developments in the plantation industry of interest to manufacturers (Record no. 66465)
[ view plain ]
| 000 -LEADER | |
|---|---|
| fixed length control field | 00460nam a2200169Ia 4500 |
| 100 ## - MAIN ENTRY--AUTHOR NAME | |
| Personal name | Martin G |
| 245 #0 - TITLE STATEMENT | |
| Title | Recent developments in the plantation industry of interest to manufacturers |
| 260 ## - PUBLICATION, DISTRIBUTION, ETC. (IMPRINT) | |
| Name of publisher | IRI Transactions |
| Year of publication | 1934 |
| 300 ## - PHYSICAL DESCRIPTION | |
| Number of Pages | 66-79 |
| 650 ## - SUBJECT ADDED ENTRY--TOPICAL TERM | |
| Topical Term | Clone rubber |
| 650 ## - SUBJECT ADDED ENTRY--TOPICAL TERM | |
| Topical Term | Plantation industry |
| 650 ## - SUBJECT ADDED ENTRY--TOPICAL TERM | |
| Topical Term | Rubber crumb |
| 650 ## - SUBJECT ADDED ENTRY--TOPICAL TERM | |
| Topical Term | Rubber marketing |
| 650 ## - SUBJECT ADDED ENTRY--TOPICAL TERM | |
| Topical Term | Soft rubber |
| 942 ## - ADDED ENTRY ELEMENTS (KOHA) | |
| Koha item type | Journals |
| Withdrawn status | Lost status | Damaged status | Not for loan | Home library | Current library | Shelving location | Date acquired | Serial Enumeration / chronology | Koha item type |
|---|---|---|---|---|---|---|---|---|---|
| Journals | RRII Library | RRII Library | Rubber chemistry | 17/12/2021 | Volume 10, Issue 1 | Journals |